000
00217nam a2200085Ia 4500
008
120527s9999 xx 000 0 und d
100
_a
MCGINLEY,W.John.
245
_a
Shame! An other guide for the perplexed.
942
_c
BK
999
_c
23864
_d
23864